|
|
|
|
| LEADER |
01081nam a2200289 a 4500 |
| 001 |
1815220 |
| 008 |
090604s1978 enka 001 0 eng d |
| 010 |
|
|
|a 79306219
|
| 020 |
|
|
|a 0333241118 :
|c £5.95
|
| 020 |
|
|
|a 0333253639 (pbk.)
|
| 040 |
|
|
|a DLC
|c DLC
|d DLC
|
| 082 |
0 |
0 |
|a 362.7/8/091724
|2 18
|
| 100 |
1 |
|
|a Ebrahim, G. J.
|
| 245 |
1 |
0 |
|a Practical mother and child health in developing countries /
|c G. J. Ebrahim.
|
| 250 |
|
|
|a [Revised ed.]
|
| 260 |
|
|
|a London :
|b Macmillan,
|c 1978.
|
| 300 |
|
|
|a vi, 130 p. :
|b ill. ;
|c 23 cm.
|
| 490 |
1 |
|
|a Macmillan tropical community health manuals
|
| 500 |
|
|
|a Includes index.
|
| 541 |
1 |
|
|e 00000703
|
| 650 |
|
0 |
|a Children
|x Health and hygiene.
|
| 650 |
|
0 |
|a Prenatal care.
|
| 650 |
|
0 |
|a Child health services
|z Developing countries.
|
| 650 |
|
0 |
|a Maternal health services
|z Developing countries.
|
| 852 |
4 |
|
|a Ayesha Abed Library
|j General Shelf.
|
| 999 |
|
|
|c 1511
|d 1511
|
| 952 |
|
|
|0 0
|1 0
|2 ddc
|4 0
|6 362_780917240000000_EBR
|7 0
|9 1388
|a BRACUL
|b BRACUL
|c GEN
|d 2009-06-28
|g 672.00
|l 0
|o 362.78091724 EBR
|p 3010000703
|r 2009-06-28
|t 1
|v 1344.00
|w 2009-06-28
|y BK
|